000
00302nam a2200133Ia 4500
100
_a
Philips Modev.
942
_c
BK
654
_a
Management.
245
_a
Project management with CPM & PERT.
260
_b
Van nostand rainhold co.
_c
2001
082
_a
658.4032
300
_a
283
546
_a
ENGLISH
999
_c
32275
_d
32275